000 00699nam a22001457a 4500
008 140819b xxu||||| |||| 00| 0 eng d
020 _a0406091242
050 _aKD276.3.L39(1888 vol.39)
245 _aThe Law Reports (1888 vol.39) Chancery division: Under the Superintendence and control of the Incorporated council of law reporting for England and wales. Supreme court of Judicature. Cases determined in the Chancery Division and in Lunacy, and on appeal therefrom in the Court of appeal. /
_cEdited by: G.W Hemming.
260 _aLondon:
_bButterworth & co ltd.,
_c1888
300 _aXii,696p.:
_c24cm.
440 _pChancery Division.
_vVol.xxxix(39)
800 _aHemming, G. W
942 _2lcc
_cBK
999 _c3483
_d10983